[Event "Allendale (MI Am/4/18)"]
[Site "?"]
[Date "1987.??.??"]
[Round "?"]
[White "Russell, K.."]
[Black "Truitt, G.."]
[Result "0-1"]
[WhiteElo "1605"]
[BlackElo "1605"]
[PlyCount "52"]
[EventDate "1987.??.??"]

{4/(18)} 1. e4 c5 2. f4 d6 3. c3 Nc6 4. Bb5 Bd7 5. Bc4 Nf6 6. Bd5 e6 7. Bxc6
Bxc6 8. e5 Bxg2 9. exf6 Qxf6 10. d4 Bxh1 11. Be3 Be7 12. Nd2 Rd8 13. Ndf3 Bxf3
14. Nxf3 O-O 15. Qd3 g6 16. O-O-O a6 17. d5 b5 18. h4 c4 19. Qd2 Rfe8 20. h5
Qf5 21. hxg6 fxg6 22. dxe6 Bf6 23. Nd4 Bxd4 24. e7 Rxe7 25. Bxd4 Rde8 26. Qf2
Re2 0-1

[Event "Allendale (MI Am/1/12)"]
[Site "?"]
[Date "1987.??.??"]
[Round "?"]
[White "Russell, K.."]
[Black "Kruskie, Jerry"]
[Result "1-0"]
[WhiteElo "1605"]
[BlackElo "1855"]
[PlyCount "58"]
[EventDate "1987.??.??"]

{1/(12)} 1. e4 c5 2. f4 Nc6 3. e5 d6 4. Bb5 Qc7 5. Nf3 a6 6. Bxc6+ Qxc6 7. d4
dxe5 8. dxe5 g6 9. O-O Bg7 10. Bd2 e6 11. b4 Ne7 12. a4 cxb4 13. Bxb4 Qb6+ 14.
Qd4 Qxd4+ 15. Nxd4 Nd5 16. Bd6 Bf8 17. c4 Bxd6 18. exd6 Ne3 19. Nd2 Nxf1 20.
Kxf1 Bd7 21. Ne4 O-O-O 22. Rb1 Bxa4 23. Nc5 Rxd6 24. Nxa4 Rxd4 25. Nb6+ Kc7 26.
c5 Rhd8 27. g3 Rd1+ 28. Rxd1 Rxd1+ 29. Ke2 Rc1 1-0

[Event "Hazel Park (MCO/3/20)"]
[Site "?"]
[Date "1987.??.??"]
[Round "?"]
[White "Ruark, D.."]
[Black "Johnson, Richard"]
[Result "0-1"]
[WhiteElo "1695"]
[BlackElo "2030"]
[PlyCount "84"]
[EventDate "1987.??.??"]

{3/(20)} 1. d4 Nf6 2. c4 e6 3. Nc3 Bb4 4. Bd2 O-O 5. e3 b6 6. b3 Bb7 7. Nf3 c5
8. a3 Ba5 9. Be2 cxd4 10. exd4 Bxc3 11. Bxc3 Ne4 12. Bb2 f5 13. O-O d6 14. Re1
Nd7 15. Nd2 Qg5 16. Nxe4 fxe4 17. Rf1 Rf3 18. d5 Raf8 19. Bxf3 exf3 20. g3 Qh5
21. Qd4 e5 22. Qh4 Qf5 23. Rac1 g5 24. g4 Qf6 25. Qg3 Nc5 26. h3 Ne4 27. Qh2
Nc5 28. Rc3 a5 29. Re1 Qg6 30. Rce3 Nd3 31. Ba1 Nxe1 32. Rxe1 a4 33. bxa4 Rf4
34. Kh1 Rxc4 35. Bxe5 dxe5 36. Qxe5 Rc8 37. Kh2 Rd8 38. Qc7 Qd6+ 39. Qxd6 Rxd6
40. Re6 Rxe6 41. dxe6 Kf8 42. Kg1 Ba6 0-1

[Event "Hazel Park (MCO/1/5)"]
[Site "?"]
[Date "1987.??.??"]
[Round "?"]
[White "Ruark, D.."]
[Black "Finegold, Ron"]
[Result "0-1"]
[WhiteElo "1695"]
[BlackElo "2225"]
[PlyCount "108"]
[EventDate "1987.??.??"]

{1/(5)} 1. d4 b5 2. Nf3 Bb7 3. e3 a6 4. c4 bxc4 5. Bxc4 e6 6. O-O Nf6 7. Nbd2
Be7 8. b3 O-O 9. Bb2 Ne4 10. Nxe4 Bxe4 11. Bd3 f5 12. Bxe4 fxe4 13. Nd2 d5 14.
f3 exf3 15. Rxf3 Nd7 16. Rxf8+ Nxf8 17. Qe2 c5 18. Rc1 Qb6 19. Ba3 Nd7 20. Nf3
Bf8 21. Kh1 cxd4 22. Bxf8 Rxf8 23. exd4 h6 24. h3 Nf6 25. Qc2 e5 26. Qc5 Qxc5
27. dxc5 e4 28. Nd4 Ne8 29. Kg1 Nc7 30. b4 e3 31. Re1 Rf4 32. Nf3 d4 33. a3 Re4
34. Nxd4 Rxd4 35. Rxe3 Kf7 36. Kf2 Nd5 37. Rb3 Rd2+ 38. Kg3 Ra2 39. Rd3 Ke6 40.
Kf3 g5 41. g3 h5 42. h4 gxh4 43. gxh4 Ke5 44. Kg3 Re2 45. Kf3 Re4 46. Kg3 Rg4+
47. Kh2 Rxh4+ 48. Kg3 Rg4+ 49. Kh2 Re4 50. Kg3 h4+ 51. Kf2 Rg4 52. Rb3 Nf4 53.
Rf3 h3 54. Rg3 h2 0-1

[Event "Allendale (MI Am/5/15)"]
[Site "?"]
[Date "1987.??.??"]
[Round "?"]
[White "Rosenberg, Steve"]
[Black "Shorter, R.."]
[Result "1-0"]
[WhiteElo "1605"]
[BlackElo "1605"]
[PlyCount "72"]
[EventDate "1987.??.??"]

{5/(15)} 1. d4 Nf6 2. Nf3 g6 3. Bf4 Bg7 4. Nc3 O-O 5. Qd2 d6 6. Bh6 Bg4 7. h3
Bxf3 8. exf3 e5 9. Bxg7 Kxg7 10. O-O-O Nc6 11. d5 Nd4 12. h4 c5 13. h5 Nxh5 14.
Ne2 Nf6 15. Qh6+ Kg8 16. g4 Nxf3 17. g5 Nh5 18. Ng3 Qxg5+ 19. Qxg5 Nxg5 20.
Nxh5 gxh5 21. Rxh5 f6 22. Be2 e4 23. Rg1 Kh8 24. Bg4 Rf7 25. Rgh1 Rg8 26. Rh6
Rgg7 27. Bh5 Rf8 28. Bg4 Rfg8 29. Bf5 Re7 30. R1h4 Nf3 31. Rh1 Rg1+ 32. Rxg1
Nxg1 33. Be6 Kg7 34. Rh1 Ne2+ 35. Kd2 Kf8 36. Kxe2 f5 {[Remainder illegible;
1-0, 67?]} 1-0

[Event "Allendale (MI Am/2/6)"]
[Site "?"]
[Date "1987.??.??"]
[Round "?"]
[White "Rosenberg, Steve"]
[Black "Hobbs, Raymond"]
[Result "0-1"]
[WhiteElo "1605"]
[BlackElo "1885"]
[PlyCount "106"]
[EventDate "1987.??.??"]

{2/(6)} 1. d4 e6 2. Nf3 f5 3. Bg5 Be7 4. Bxe7 Nxe7 5. e3 d6 6. Bb5+ c6 7. Bd3
Nd7 8. Nc3 O-O 9. e4 Ng6 10. Qd2 Nf6 11. exf5 exf5 12. O-O-O d5 13. h3 Ne4 14.
Bxe4 fxe4 15. Ne5 Nxe5 16. dxe5 Qe7 17. Qd4 Qg5+ 18. Kb1 Be6 19. g4 Qf4 20.
Rdf1 b6 21. Ne2 Qf3 22. Qe3 c5 23. Qxf3 Rxf3 24. Ng1 Rf7 25. Ne2 Raf8 26. Rh2
d4 27. Ng1 Bc4 28. Re1 Rxf2 29. Rxf2 Rxf2 30. b3 Rf1 31. Rxf1 Bxf1 32. Kc1 g5
33. Kd2 Kf7 34. c4 Ke6 35. Ke1 Bd3 36. Kd2 Kxe5 37. a3 a5 38. a4 Kf4 39. Ke1
Kg3 40. Kd2 Kg2 41. Ne2 Bxe2 42. h4 gxh4 43. b4 axb4 44. a5 bxa5 45. g5 Kf2 46.
Kc2 Bxc4 47. Kd1 h3 48. Kc2 h2 49. Kb2 h1=Q 50. g6 Qf3 51. gxh7 Qe2+ 52. Kc1
Bd3 53. h8=Q Qc2# 0-1

[Event "Hazel Park (MCO/6/37)"]
[Site "?"]
[Date "1987.??.??"]
[Round "?"]
[White "Rosecrans, R.."]
[Black "Robinson, Erik"]
[Result "1-0"]
[WhiteElo "1655"]
[BlackElo "1605"]
[PlyCount "44"]
[EventDate "1987.??.??"]

{6/(37)} 1. e4 e5 2. Nf3 Nc6 3. Bb5 d6 4. Qe2 Bd7 5. c3 Nf6 6. d4 exd4 7. cxd4
Be7 8. O-O O-O 9. Nc3 a6 10. Bd3 Bg4 11. Be3 Nb4 12. Bb1 c6 13. a3 Qa5 14. e5
Nd7 15. axb4 Qxa1 16. Bxh7+ Kxh7 17. Rxa1 dxe5 18. Ng5+ Bxg5 19. Qxg4 Bxe3 20.
fxe3 Rad8 21. Ne4 Rh8 22. Qh4+ Kg8 1-0

[Event "Hazel Park (MCO/2/21)"]
[Site "?"]
[Date "1987.??.??"]
[Round "?"]
[White "Rosecrans, R.."]
[Black "Golonka, Stan"]
[Result "1/2-1/2"]
[WhiteElo "1655"]
[BlackElo "1980"]
[PlyCount "95"]
[EventDate "1987.??.??"]

{2/(21)} 1. d4 e6 2. Nf3 c5 3. dxc5 Bxc5 4. c3 Nf6 5. Qc2 Qb6 6. e3 a5 7. Bd3
O-O 8. Ng5 g6 9. h3 d5 10. O-O Nbd7 11. Re1 Ne5 12. Nd2 Nxd3 13. Qxd3 Bd7 14.
a3 Rfe8 15. Ngf3 Rad8 16. Ne5 Bc8 17. Qc2 Bd6 18. f4 Qc7 19. Ndf3 Ne4 20. Re2
b6 21. g4 Ba6 22. Rg2 f6 23. Nd3 Qc4 24. Nf2 Kg7 25. Nxe4 dxe4 26. Nd2 Qc6 27.
Qxe4 Qc7 28. Qc2 Bc5 29. Nb3 Bb7 30. Rh2 Rd6 31. Nxc5 Qxc5 32. b3 Red8 33. Ra2
Rd1+ 34. Kf2 Qd5 35. e4 Qc5+ 36. Be3 R8d2+ 37. Qxd2 Rxd2+ 38. Rxd2 Qc6 39. Rd4
f5 40. Rc4 Qd6 41. Bd4+ Kf7 42. Be5 Qd2+ 43. Kg3 Qe1+ 44. Rf2 fxe4 45. Rc7+ Ke8
46. Rxb7 e3 47. Rb8+ Kd7 48. Rb7+ 1/2-1/2

[Event "Hazel Park (MCO/3/17)"]
[Site "?"]
[Date "1987.??.??"]
[Round "?"]
[White "Rosecrans, R.."]
[Black "Accad, W.."]
[Result "0-1"]
[WhiteElo "1685"]
[BlackElo "2015"]
[PlyCount "60"]
[EventDate "1987.??.??"]

{3/(17)} 1. d4 Nf6 2. Nf3 c5 3. c3 cxd4 4. Nxd4 e6 5. Bg5 Be7 6. e3 Qb6 7. Qc2
Nc6 8. Bd3 Ne5 9. Be2 Ng6 10. e4 a6 11. Be3 Qc7 12. Nd2 b5 13. O-O Bb7 14. f4
Rc8 15. a4 b4 16. c4 h5 17. h3 d5 18. e5 Ne4 19. Bd3 Nxd2 20. Bxd2 Nh4 21. g3
dxc4 22. Be4 Bc5 23. Qxc4 Bxe4 24. gxh4 Qb6 25. Be3 Ba8 26. Kh2 O-O 27. Rf2
Rfd8 28. Raf1 Bxd4 29. Bxd4 Qxd4 30. Qxa6 Be4 0-1

[Event "Hazel Park (MCO/6/44)"]
[Site "?"]
[Date "1987.??.??"]
[Round "?"]
[White "Roland, K.."]
[Black "Weinand, G.."]
[Result "0-1"]
[WhiteElo "1605"]
[BlackElo "1605"]
[PlyCount "66"]
[EventDate "1987.??.??"]

{6/(44)} 1. e4 e5 2. Nf3 Nc6 3. Bc4 Bc5 4. c3 Nf6 5. d4 exd4 6. cxd4 Bb4+ 7.
Bd2 d5 8. exd5 Nxd5 9. Bxb4 Ncxb4 10. O-O O-O 11. Nbd2 b6 12. a3 Nc6 13. Qe2
Bb7 14. h4 h6 15. Rae1 Nf6 16. Ne5 Nxd4 17. Qd3 c5 18. Ndf3 Nxf3+ 19. Nxf3 Qxd3
20. Bxd3 Bxf3 21. gxf3 Rad8 22. Bc2 Rd4 23. Re7 Rxh4 24. Rxa7 Re8 25. Ra4 Rh5
26. Ra6 Ree5 27. Rd1 g6 28. Rd8+ Kg7 29. Rxb6 Re1+ 30. Kg2 Rg5+ 31. Kh2 Rgg1
32. Rb7 Rh1+ 33. Kg2 Reg1# 0-1

[Event "Hazel Park (MCO/4/43)"]
[Site "?"]
[Date "1987.??.??"]
[Round "?"]
[White "Roland, K.."]
[Black "Tracz, J.."]
[Result "0-1"]
[WhiteElo "1605"]
[BlackElo "1605"]
[PlyCount "108"]
[EventDate "1987.??.??"]

{4/(43)} 1. e4 d5 2. Nc3 dxe4 3. Nxe4 e5 4. Bc4 Nc6 5. Nf3 Bg4 6. O-O f5 7. Nc3
Qd7 8. h3 Bh5 9. d3 O-O-O 10. Bg5 Be7 11. Bxe7 Qxe7 12. Bd5 Nd4 13. Re1 Nf6 14.
Bc4 Qc5 15. Rxe5 Nxf3+ 16. gxf3 Qxe5 17. d4 Rxd4 18. Bd3 Qf4 19. Ne2 Qg5+ 20.
Kf1 Rd6 21. f4 Bxe2+ 22. Qxe2 Qxf4 23. Qe7 Re8 24. Qxg7 Qf3 25. Qg3 Qh1+ 26.
Qg1 Qxh3+ 27. Qg2 Qxg2+ 28. Kxg2 Rd5 29. c4 Rxd3 30. f3 Rd2+ 31. Kg3 Nh5+ 32.
Kh4 Rh2+ 33. Kg5 f4 34. Rd1 Re5+ 35. Kh6 Ng3+ 36. Kg7 Nf5+ 37. Kf6 Rc5 38. b3
Rh6+ 39. Kg5 Rg6+ 40. Kxf4 Nh4 41. Ke3 Rf6 42. Kd4 Rd6+ 43. Kxc5 Rxd1 44. a4
Nxf3 45. b4 h5 46. b5 h4 47. a5 h3 48. b6 axb6+ 49. axb6 cxb6+ 50. Kxb6 h2 51.
c5 h1=Q 52. Ka7 Qg1 53. Kb6 Rb1+ 54. Ka5 Qxc5+ 0-1

[Event "Hazel Park (MCO/1/37)"]
[Site "?"]
[Date "1987.??.??"]
[Round "?"]
[White "Roland, K.."]
[Black "Stefanski, Mark"]
[Result "0-1"]
[WhiteElo "1605"]
[BlackElo "1805"]
[PlyCount "50"]
[EventDate "1987.??.??"]

{1/(37)} 1. e4 e6 2. Nf3 d5 3. exd5 exd5 4. Qe2+ Qe7 5. Qxe7+ Bxe7 6. Bb5+ c6
7. Bd3 Bg4 8. h3 Bxf3 9. gxf3 Nd7 10. O-O Ne5 11. Be2 O-O-O 12. d4 Ng6 13. Re1
Nf6 14. Bd3 Rde8 15. Nc3 Bd6 16. Bg5 Nh5 17. Rxe8+ Rxe8 18. Be3 Nhf4 19. Bf5+
Kc7 20. Re1 Nh4 21. Bd2 Nxf3+ 22. Kf1 Nxd2+ 23. Kg1 Rxe1+ 24. Kh2 Ne2+ 25. Kg2
Rg1# 0-1

[Event "Lansing (MI Op/1a/5)"]
[Site "?"]
[Date "1987.??.??"]
[Round "?"]
[White "Rogers, Bradley"]
[Black "Owens, James"]
[Result "1-0"]
[WhiteElo "2185"]
[BlackElo "1910"]
[PlyCount "61"]
[EventDate "1987.??.??"]

1. d4 Nf6 2. c4 g6 3. Nc3 d5 4. cxd5 Nxd5 5. e4 Nxc3 6. bxc3 Bg7 7. Bc4 c5 8.
Ne2 Nc6 9. Be3 cxd4 10. cxd4 Bg4 11. f3 Na5 12. fxg4 Nxc4 13. Qa4+ Qd7 14. Qxc4
O-O 15. h3 Rac8 16. Qd3 b6 17. O-O e6 18. Rad1 Qa4 19. Rd2 Rc7 20. Bf4 Rd7 21.
e5 Rc8 22. Nc3 Qa5 23. Ne4 Rdc7 24. Rdf2 Rd8 25. Qe3 Qa4 26. Nf6+ Kh8 27. d5
exd5 28. Bh6 d4 29. Bxg7+ Kxg7 30. Nh5+ Kh8 31. Qg5 1-0

[Event "Lansing (MI Op/7/7)"]
[Site "?"]
[Date "1987.??.??"]
[Round "?"]
[White "Rogers, Bradley"]
[Black "Morris, Jason"]
[Result "1/2-1/2"]
[WhiteElo "2185"]
[BlackElo "1925"]
[PlyCount "96"]
[EventDate "1987.??.??"]

{7/(7)} 1. d4 Nf6 2. c4 c5 3. d5 e6 4. Nc3 exd5 5. cxd5 d6 6. e4 g6 7. Be2 a6
8. a4 Bg7 9. Nf3 O-O 10. O-O b6 11. Nd2 Nbd7 12. f4 Rb8 13. Nc4 Qc7 14. e5 Ne8
15. exd6 Nxd6 16. Nxd6 Qxd6 17. Ne4 Qe7 18. Bf3 Bd4+ 19. Kh1 Nf6 20. Ng3 Rd8
21. f5 Nxd5 22. fxg6 hxg6 23. Bxd5 Rxd5 24. Bf4 Rb7 25. Qf3 Rbd7 26. Rae1 Qd8
27. Re2 Bg7 28. h3 Rd1 29. Rxd1 Rxd1+ 30. Kh2 Be6 31. Ne4 Qd4 32. Nf2 Rf1 33.
Rd2 Qf6 34. Qg3 Qe7 35. Qd3 Qf6 36. Bg3 Qd4 37. Qe2 Qc4 38. Rd3 Rc1 39. b3 Qc2
40. Qf3 Bd4 41. Rxd4 cxd4 42. Ne4 Qd1 43. Nf6+ Kh8 44. Qa8+ Rc8 45. Qe4 Rc1 46.
Qh4+ Kg7 47. Ne8+ Kg8 48. Nf6+ Kg7 1/2-1/2

[Event "Lansing (MI Op/5/5)"]
[Site "?"]
[Date "1987.??.??"]
[Round "?"]
[White "Rogers, Bradley"]
[Black "Knecht, Mark"]
[Result "1/2-1/2"]
[WhiteElo "2185"]
[BlackElo "2135"]
[PlyCount "50"]
[EventDate "1987.??.??"]

{5/(5)} 1. d4 f5 2. e4 fxe4 3. Nc3 Nf6 4. Bg5 b6 5. Bxf6 exf6 6. Bc4 Bb7 7. f3
Qe7 8. fxe4 Bxe4 9. Nxe4 Qxe4+ 10. Kf2 Nc6 11. Nf3 O-O-O 12. Re1 Qf5 13. c3 Bd6
14. Kg1 Rde8 15. Qa4 Qa5 16. Qc2 Kb7 17. b4 Qh5 18. a4 Rxe1+ 19. Rxe1 Re8 20.
Rxe8 Qxe8 21. Bd5 Qe3+ 22. Kh1 Kc8 23. b5 Ne7 24. Qxh7 Qc1+ 25. Ng1 Qh6 1/2-1/2

[Event "Lansing (MI Op/3/5)"]
[Site "?"]
[Date "1987.??.??"]
[Round "?"]
[White "Rogers, Bradley"]
[Black "Baze, Lineas"]
[Result "1/2-1/2"]
[WhiteElo "2165"]
[BlackElo "2075"]
[PlyCount "95"]
[EventDate "1987.??.??"]

{3/(5)} 1. d4 Nf6 2. c4 g6 3. Nc3 Bg7 4. e4 O-O 5. f3 d6 6. Be3 e5 7. d5 Nbd7
8. Bd3 Nh5 9. Nge2 Nc5 10. Bc2 a5 11. Qd2 f5 12. a3 fxe4 13. Nxe4 Nxe4 14. Bxe4
Bf5 15. O-O Bxe4 16. fxe4 Qh4 17. Nc3 Nf6 18. g3 Qh3 19. Qg2 Qxg2+ 20. Kxg2 Ng4
21. Bd2 Bh6 22. Bxh6 Nxh6 23. h3 c6 24. Rxf8+ Kxf8 25. Rd1 c5 26. Nb5 Ke7 27.
Rf1 Ng8 28. b3 Rd8 29. Nc7 Rf8 30. Rxf8 Kxf8 31. g4 Nf6 32. Kf3 Ke7 33. Ne6 Nd7
34. Ke3 Nf8 35. Nc7 g5 36. Kf3 h6 37. Kg3 Ng6 38. Ne6 Kf6 39. Nd8 b6 40. Nc6
Kf7 41. Na7 Ne7 42. Kf3 Ke8 43. Nb5 Kd7 44. Nc3 Ng6 45. Nd1 Ke7 46. Ne3 Kf6 47.
Nf5 Nh4+ 48. Kg3 1/2-1/2

[Event "East Detroit (MEX/1)"]
[Site "?"]
[Date "1987.??.??"]
[Round "?"]
[White "Robison, B.."]
[Black "Thompson, Dexter"]
[Result "1-0"]
[WhiteElo "2045"]
[BlackElo "2180"]
[PlyCount "93"]
[EventDate "1987.??.??"]

1. d4 Nf6 2. Nf3 d5 3. e3 e6 4. Bd3 c5 5. c3 Nc6 6. O-O Bd6 7. Nbd2 cxd4 8.
cxd4 b6 9. e4 Nb4 10. Bb1 Ba6 11. Re1 Be7 12. e5 Nd7 13. Nf1 Rc8 14. Ne3 Nf8
15. Bd2 Qd7 16. Bc3 Ng6 17. a3 Nc6 18. Qa4 Bb7 19. Qc2 Na5 20. Ba2 Ba6 21. Rac1
Nf4 22. Rcd1 Qc6 23. g3 Nh3+ 24. Kg2 Ng5 25. Nd2 Bxa3 26. f4 Ne4 27. Nxe4 dxe4
28. d5 Bd3 29. Qxd3 exd3 30. dxc6 Bc5 31. Bxa5 bxa5 32. Rxd3 Rxc6 33. Nc4 O-O
34. Re2 Bb4 35. Rd7 a6 36. Rc2 h5 37. Kf3 Rfc8 38. Ke4 Be1 39. Kd3 h4 40. gxh4
Bxh4 41. Ne3 Rxc2 42. Nxc2 Rb8 43. Kc3 Bf2 44. Bc4 Bg1 45. Rd2 Kh7 46. Bxa6 Kg6
47. Rg2+ 1-0

[Event "East Detroit (MEX/4)"]
[Site "?"]
[Date "1987.??.??"]
[Round "?"]
[White "Robison, B.."]
[Black "Thomas, Carlton"]
[Result "0-1"]
[WhiteElo "2045"]
[BlackElo "2115"]
[PlyCount "76"]
[EventDate "1987.??.??"]

1. d4 Nf6 2. Nf3 g6 3. e3 Bg7 4. Bd3 d6 5. O-O O-O 6. Nbd2 Nbd7 7. e4 e5 8. c3
Nh5 9. Nb3 h6 10. Be3 Qe7 11. Qd2 g5 12. Qd1 g4 13. Ne1 Ndf6 14. Qd2 Kh7 15. g3
Rd8 16. f4 gxf3 17. Nxf3 Bh3 18. Rfe1 Ng4 19. Bg5 Bf6 20. Bxf6 Ngxf6 21. Bf1
Bg4 22. Bg2 Rg8 23. Nh4 Rg5 24. Nf5 Bxf5 25. exf5 e4 26. Qf2 d5 27. Nc5 b6 28.
Nd3 Ng4 29. Qe2 Rag8 30. Nf2 Nxh2 31. Kxh2 Nxg3 32. Qd2 Qd6 33. Kg1 Nxf5 34.
Nh1 Rxg2+ 35. Qxg2 Rxg2+ 36. Kxg2 Nh4+ 37. Kh3 Nf3 38. Re2 Qf4 0-1

[Event "Hazel Park (MCO/1/18)"]
[Site "?"]
[Date "1987.??.??"]
[Round "?"]
[White "Robison, B.."]
[Black "Robinson, Dave"]
[Result "1-0"]
[WhiteElo "2020"]
[BlackElo "1605"]
[PlyCount "67"]
[EventDate "1987.??.??"]

{1/(18)} 1. d4 Nf6 2. c4 e6 3. Nc3 Bb4 4. Qc2 d5 5. e3 b6 6. Qa4+ Nc6 7. Qxc6+
Bd7 8. Qb7 O-O 9. Qa6 Ne4 10. Bd2 Nxd2 11. Kxd2 Bc6 12. cxd5 Bxd5 13. a3 Bd6
14. Nxd5 exd5 15. Nf3 Qf6 16. Bd3 c5 17. Ke2 c4 18. Bc2 Rfe8 19. Rhe1 Re7 20.
Kf1 Rb8 21. Kg1 b5 22. Qa5 Reb7 23. e4 dxe4 24. Bxe4 Re7 25. Qd2 Bf4 26. Qc2 g6
27. a4 a6 28. axb5 axb5 29. Qc3 Rbe8 30. Bc2 Qd6 31. Rxe7 Qxe7 32. Re1 Qd7 33.
Rxe8+ Qxe8 34. Kf1 1-0

[Event "Lansing (MI Op/7/18)"]
[Site "?"]
[Date "1987.??.??"]
[Round "?"]
[White "Robison, B.."]
[Black "Owens, James"]
[Result "1-0"]
[WhiteElo "2025"]
[BlackElo "1910"]
[PlyCount "85"]
[EventDate "1987.??.??"]

{7/(18)} 1. d4 Nf6 2. c4 g6 3. Nc3 d5 4. cxd5 Nxd5 5. Qb3 Nxc3 6. bxc3 Bg7 7.
g3 Be6 8. Qc2 c5 9. e3 cxd4 10. cxd4 Nc6 11. Bg2 Rc8 12. Qd2 Nxd4 13. exd4 Qxd4
14. Rb1 Bf5 15. Rxb7 Qa1 16. Ne2 O-O 17. O-O Rc2 18. Qe3 Rxa2 19. Bb2 Bxb2 20.
g4 Bc8 21. Rc7 Be5 22. Rxa1 Rxa1+ 23. Rc1 Rxc1+ 24. Nxc1 Bf6 25. h3 Rd8 26. Bf3
a6 27. Qb6 e6 28. Kg2 Kg7 29. Bb7 Bxb7+ 30. Qxb7 a5 31. Ne2 a4 32. Nf4 Kg8 33.
Qa7 Rd4 34. g5 Bg7 35. h4 e5 36. Nd5 Bf8 37. Nf6+ Kg7 38. Qb8 a3 39. Qxe5 Ra4
40. Ng4+ Kg8 41. Nh6+ Bxh6 42. gxh6 Kf8 43. Qd6+ 1-0

[Event "Lansing (MI Op/1a/13)"]
[Site "?"]
[Date "1987.??.??"]
[Round "?"]
[White "Robison, B.."]
[Black "Lynch, W.."]
[Result "1-0"]
[WhiteElo "2025"]
[BlackElo "1795"]
[PlyCount "131"]
[EventDate "1987.??.??"]

1. d4 Nf6 2. c4 e6 3. Nc3 Bb4 4. e3 b6 5. Bd3 Bb7 6. f3 d5 7. Bd2 Nbd7 8. Nge2
O-O 9. cxd5 exd5 10. g4 Re8 11. Qc2 g6 12. h4 Nf8 13. O-O-O c5 14. Nf4 cxd4 15.
exd4 Rc8 16. h5 Rc7 17. hxg6 fxg6 18. g5 Bd6 19. gxf6 Qxf6 20. Nfe2 Qxf3 21.
Rdf1 Qg4 22. Bf5 Qxe2 23. Re1 Qf3 24. Ref1 Qe2 25. Nxe2 Rxc2+ 26. Kxc2 Rxe2 27.
Bd3 Rg2 28. Kc1 Ne6 29. Rf6 Bc8 30. Re1 Rg4 31. Rfxe6 Bxe6 32. Rxe6 Bg3 33. Be3
Kf7 34. Rc6 h5 35. Be2 Re4 36. Kd2 Bf4 37. Bxf4 Rxf4 38. Kd3 h4 39. Rc7+ Kg8
40. Ke3 Re4+ 41. Kd3 h3 42. Bf3 Rh4 43. Bxd5+ Kf8 44. Rxa7 h2 45. Rf7+ Ke8 46.
Rf1 g5 47. Be4 g4 48. d5 Kd7 49. Ke3 g3 50. Bg2 Kd6 51. Rd1 Rh8 52. Kf3 Rg8 53.
Bh3 Rg5 54. Bg2 Rg8 55. Ke3 Re8+ 56. Kf4 Rg8 57. Rc1 Rg7 58. Rc6+ Kd7 59. Rxb6
h1=Q 60. Bxh1 g2 61. Bxg2 Rxg2 62. Rb3 Kd6 63. Ke4 Rg4+ 64. Kf3 Rd4 65. Ke3
Rxd5 66. Rd3 1-0

[Event "Hazel Park (MCO/5/10)"]
[Site "?"]
[Date "1987.??.??"]
[Round "?"]
[White "Robison, B.."]
[Black "Lahr, Fred"]
[Result "1-0"]
[WhiteElo "2020"]
[BlackElo "1790"]
[PlyCount "53"]
[EventDate "1987.??.??"]

{5/(10)} 1. d4 Nf6 2. c4 g6 3. Nc3 d5 4. cxd5 Nxd5 5. Qb3 Nb6 6. Bf4 Nc6 7.
O-O-O Bg7 8. Nf3 O-O 9. e4 Bg4 10. d5 Na5 11. Qb4 e6 12. Qxa5 Qf6 13. Be5 Qe7
14. d6 Bh6+ 15. Kb1 cxd6 16. Bxd6 Qf6 17. Bxf8 Bxf8 18. Be2 Rc8 19. Rc1 Bc5 20.
Na4 Bxf3 21. Bxf3 Nxa4 22. Qxa4 Qe5 23. h3 Rc6 24. Rhd1 Rb6 25. Rc2 Bb4 26. Qd7
Bc3 27. Qc8+ 1-0

[Event "Lansing (MI Op/3/23)"]
[Site "?"]
[Date "1987.??.??"]
[Round "?"]
[White "Robison, B.."]
[Black "Kung, Fred"]
[Result "1-0"]
[WhiteElo "2025"]
[BlackElo "1870"]
[PlyCount "107"]
[EventDate "1987.??.??"]

{3/(23)} 1. d4 d5 2. c4 e6 3. Nc3 c5 4. cxd5 exd5 5. dxc5 d4 6. Ne4 Qd5 7. Nd6+
Bxd6 8. cxd6 Qxd6 9. Nf3 Nc6 10. g3 Nf6 11. Bg2 Qb4+ 12. Qd2 Qxd2+ 13. Nxd2 Nb4
14. O-O O-O 15. a3 Nc6 16. Nb3 Re8 17. Re1 Bg4 18. Bxc6 bxc6 19. Nxd4 c5 20.
Nb3 Rxe2 21. Rxe2 Bxe2 22. Nxc5 a5 23. Bg5 Nd5 24. Re1 Bf3 25. Bd2 h6 26. b4
axb4 27. axb4 Ra2 28. Nb3 Rb2 29. Nd4 Rxd2 30. Nxf3 Rb2 31. Re8+ Kh7 32. Ne5
Re2 33. f4 Nxb4 34. Rb8 Nd5 35. Nxf7 Nf6 36. f5 g6 37. Rb6 gxf5 38. Rxf6 Kg7
39. Rxf5 Re6 40. Ne5 Re7 41. Kg2 Ra7 42. Kh3 Ra5 43. Kh4 Rb5 44. Kh5 Ra5 45. g4
Ra6 46. Rf7+ Kg8 47. h4 Re6 48. Rf5 Kg7 49. Nd7 Ra6 50. Rb5 Rd6 51. Rb7 Rd5+
52. g5 Kh8 53. Kxh6 Rd6+ 54. Nf6 1-0

[Event "Hazel Park (MCO/3/1)"]
[Site "?"]
[Date "1987.??.??"]
[Round "?"]
[White "Robison, B.."]
[Black "Finegold, Ben"]
[Result "0-1"]
[WhiteElo "2020"]
[BlackElo "2445"]
[PlyCount "58"]
[EventDate "1987.??.??"]

{3/(1)} 1. d4 Nf6 2. c4 c5 3. d5 b5 4. Nf3 g6 5. a4 b4 6. b3 Bg7 7. Bb2 d6 8.
Nbd2 O-O 9. e4 e5 10. Bd3 Nh5 11. O-O Nf4 12. Bc2 f5 13. Re1 a5 14. Kh1 Ra7 15.
Ng1 Raf7 16. Ne2 Nh5 17. f3 f4 18. Nf1 g5 19. Ng1 Rf6 20. g4 fxg3 21. hxg3 g4
22. f4 Nxg3+ 23. Nxg3 Rh6+ 24. Kg2 exf4 25. Bxg7 fxg3 26. Bxf8 Rh2+ 27. Kxg3
Qh4+ 28. Kf4 Qf6+ 29. Ke3 Qf2+ 0-1

[Event "Lansing (MI Op/5/20)"]
[Site "?"]
[Date "1987.??.??"]
[Round "?"]
[White "Robison, B.."]
[Black "Braak, Dairen"]
[Result "1-0"]
[WhiteElo "2025"]
[BlackElo "1880"]
[PlyCount "29"]
[EventDate "1987.??.??"]

{5/(20)} 1. d4 d5 2. c4 c6 3. Nc3 Nf6 4. Nf3 Na6 5. Bg5 Ne4 6. e3 Nxg5 7. Nxg5
e6 8. Nf3 b6 9. cxd5 exd5 10. Ne5 Nb8 11. Qa4 Qd6 12. Rc1 Qb4 13. Qc2 Bb7 14.
Qf5 Qe7 15. Nxd5 1-0

[Event "Hazel Park (MCO/1/41)"]
[Site "?"]
[Date "1987.??.??"]
[Round "?"]
[White "Robinson, Erik"]
[Black "Steen, Harold"]
[Result "0-1"]
[WhiteElo "1605"]
[BlackElo "1795"]
[PlyCount "176"]
[EventDate "1987.??.??"]

{1/(41)} 1. d4 d6 2. Nf3 Nf6 3. Bf4 g6 4. Nbd2 Bg7 5. c3 Nh5 6. Bg3 Nxg3 7.
hxg3 Nd7 8. Rh4 c5 9. Ne4 f5 10. Neg5 Nf6 11. Qb3 d5 12. Qb5+ Bd7 13. Qxc5 h6
14. Ne5 hxg5 15. Rxh8+ Bxh8 16. Nxg6 Bg7 17. Ne5 Qb6 18. Qxb6 axb6 19. e3 Ne4
20. Nxd7 Kxd7 21. Bb5+ Kd6 22. c4 Rh8 23. Ke2 Rc8 24. Rc1 f4 25. g4 Nf6 26.
exf4 gxf4 27. Kf3 e5 28. dxe5+ Kxe5 29. Re1+ Kd6 30. g5 Nd7 31. Rd1 d4 32. Kxf4
Rf8+ 33. Kg3 Be5+ 34. f4 Bxf4+ 35. Kh4 Be5 36. Rd2 Nc5 37. Re2 d3 38. Rd2 Bf4
39. Rd1 d2 40. Kg4 Ke5 41. Rf1 Rf5 42. b4 Rxg5+ 43. Kf3 Nd3 44. c5 Ne1+ 45. Ke2
Rxg2+ 46. Kd1 bxc5 47. bxc5 Be3 48. Be2 Kd4 49. Rf7 Nd3 50. Rd7+ Kxc5 51. Rxd3
Rg1+ 52. Kc2 Rc1+ 53. Kb3 Bh6 54. Rh3 Re1 55. Bf3 Be3 56. Kc2 b5 57. Kd3 Kb4
58. Be2 Bg5 59. Rh5 d1=Q+ 60. Bxd1 Rxd1+ 61. Kc2 Rg1 62. Rh3 Ka4 63. Rf3 b4 64.
Kb2 Bd2 65. Rb3 Bc3+ 66. Kc2 Ra1 67. Rxc3 bxc3 68. Kxc3 Rxa2 69. Kc4 Rc2+ 70.
Kd3 Kb3 71. Kd4 Rc3 72. Kd5 Rc4 73. Ke5 Kb4 74. Kd5 Kb5 75. Kd6 Rc5 76. Ke6 Kb6
77. Kd6 Rb5 78. Ke6 Kc6 79. Kf6 Kd6 80. Kf7 Re5 81. Kf6 Rc5 82. Kf7 Rf5+ 83.
Kg6 Ke6 84. Kg7 Rg5+ 85. Kh6 Kf6 86. Kh7 Rg2 87. Kh8 Rh2+ 88. Kg8 Rh6 0-1

[Event "Hazel Park (MCO/2/49)"]
[Site "?"]
[Date "1987.??.??"]
[Round "?"]
[White "Robinson, Erik"]
[Black "Revenaugh, J.."]
[Result "0-1"]
[WhiteElo "1605"]
[BlackElo "1605"]
[PlyCount "72"]
[EventDate "1987.??.??"]

{2/(49)} 1. e4 e5 2. Nc3 Nc6 3. Nf3 Nf6 4. Bb5 Nd4 5. Ba4 Bd6 6. d3 O-O 7. Nh4
Nc6 8. Nf5 Nd4 9. Nxd6 cxd6 10. Be3 b6 11. Bxd4 exd4 12. Nb5 d5 13. e5 Ne8 14.
Bb3 Bb7 15. Qf3 Qe7 16. Qf4 Qb4+ 17. c3 Qxb5 18. Qxd4 Nc7 19. O-O Ne6 20. Qe3
Qc6 21. d4 f6 22. f4 fxe5 23. f5 exd4 24. cxd4 Nd8 25. Qf3 Kh8 26. Rf2 Nf7 27.
Rc2 Qd6 28. h4 a5 29. Rf2 Rae8 30. g3 Re4 31. Rd1 Rfe8 32. Kf1 Ba6+ 33. Kg2 Be2
34. Qc3 Bxd1 35. Bxd1 Re3 36. Qc2 Qxg3+ 0-1